| 000 | 01196nam a2200253Ia 4500 | ||
|---|---|---|---|
| 999 |
_c40418 _d40418 |
||
| 001 | 7026 | ||
| 003 | GE_BSU | ||
| 005 | 20231110120524.0 | ||
| 008 | 181216s2013||||ge |||||||||||||| ||geo|| | ||
| 020 | _a9789941154984. | ||
| 040 | _cGE_BSU | ||
| 041 | _ageo | ||
| 080 | _a81'374(038)=353.1'276 ბ-91 | ||
| 100 |
_aბრეგაძე, ლევან _96769 |
||
| 245 |
_aქართული ჟარგონის ლექსიკონი : _b1500-მდე ჟარგონული სიტყვა და გამოთქმა / _cლევან ბრეგაძე ; რედ. : ანა ჭაბაშვილი, ნიკო ნერგაძე. |
||
| 250 | _aმე-3 შევსებული გამოცემა | ||
| 264 |
_aთბილისი : _bბაკურ სულაკაურის გამ-ბა, _c2013. |
||
| 300 |
_a227 გ. ; _c20 სმ. |
||
| 541 | _h8ლ. | ||
| 653 | _aჟარგონის ლექსიკონი | ||
| 700 |
_aჭაბაშვილი, ანა _eრედაქტორი _9995 |
||
| 700 |
_aნერგაძე, ნიკო _eრედაქტორი _920321 |
||
| 942 |
_cBK _2udc |
||